| 000 -ლიდერი |
| ფიქსირებული სიგრძის საკონტროლო ველი |
01180nam a22002177a 4500 |
| 003 - საკონტროლო ნომრის იდენტიფიკატორი |
| საკონტროლო ველი |
Ge_BSU |
| 005 - ბოლო ოპერაციის თარიღი და დრო |
| საკონტროლო ველი |
20260407164149.0 |
| 008 - ფიქსირებული სიგრძის მონაცემთა ელემენტები - ზოგადი ინფორმაცია |
| ფიქსირებული სიგრძის საკონტროლო ველი |
260407s2025 ge ||||| |||| 00| 0 geo d |
| 020 ## - წიგნის საერთაშორისო სტანდარტული ნომერი |
| International Standard Book Number |
9789941879302 |
| 041 ## - ენის კოდი |
| Language code of text/sound track or separate title |
geo |
| 080 ## - უნივერსალური ათობითი კლასიფიკაციის ინდექსი |
| Universal Decimal Classification number |
811.374.26:631=353.1 : 631(038) მ-41 |
| 100 ## - მთავარი ჩანაწერი - პიროვნების სახელი |
| Personal name |
მაშია, ნინო |
| 9 (RLIN) |
27265 |
| 245 ## - ცნობა სათაურის შესახებ |
| Title |
სასოფლო-სამეურნეო ტერმინთა სალექსიკონო მასალები ქართველურში : |
| Remainder of title |
[მონოგრაფია] / |
| Statement of responsibility, etc |
ნინო მაშია; რედაქტორი მერაბ ნაჭყებია; სოხუმის სახელმწ. უნივერსიტეტი. |
| 264 ## - წარმოების, გამოცემის, დისტრიბუციის და სხვა ცნობები |
| გამოცემის, წარმოების, დისტრიბუციის... ადგილი |
თბილისი, |
| გამოცემის, წარმოების, დისტრიბუციის... თარიღი |
2025. |
| 300 ## - ფიზიკური აღწერა |
| Extent |
216 გვ. ; |
| Other physical details |
20 სმ. |
| 504 ## - BIBLIOGRAPHY, ETC. NOTE |
| Bibliography, etc |
ბიბლიოგრაფია: გვ. 204-214. |
| 653 ## - INDEX TERM--UNCONTROLLED |
| Uncontrolled term |
სოფლის მეურნეობა |
| 700 ## - ADDED ENTRY--PERSONAL NAME |
| Personal name |
ნაჭყებია, მერაბ |
| Relator term |
რედაქტორი |
| 9 (RLIN) |
292 |
| 700 ## - ADDED ENTRY--PERSONAL NAME |
| Personal name |
სოხუმის სახელმწ. უნივერსიტეტი. |
| 9 (RLIN) |
27266 |
| 942 ## - ADDED ENTRY ELEMENTS (KOHA) |
| Source of classification or shelving scheme |
|
| Koha item type |
წიგნი |